Statistics for Airlines Serving Saskatoon (YXE)

Click here to take the quiz!

General Stats

  • This quiz has been taken 24 times
    (10 since last reset)
  • The average score is 3 of 5

Answer Stats

Airlines% Correct
Air Canada
100%
WestJet
88%
Sunwing Airlines
63%
Flair Airlines
50%
Rise Air
25%

Score Distribution

Percentile by Number Answered

Percent of People with Each Score

Your Score History

You have not taken this quiz since the last reset